000 00604nam a2200229Ia 4500
003 OSt
005 20221007072453.0
006 a|||||r|||| 00| 0
007 ta
008 221006b |||||||| |||| 00| 0 eng d
024 _a25,348
037 _cTextual
040 _aFLL
_cFLL
_beng
041 _2eng
_aeng
082 _aZ3:6y7, G1
100 _aHibbert W. Nembhard
_9633587
245 0 _aConflict of laws
260 _aLondon
_bSweet & Maxwell , Limited UK
_c1931
300 _axxi,298p
_ccm.
942 _hZ3:6y7, G1
_cTEXL
_2CC
999 _c1146160
_d1146160